Les ... ? - Clic Quiz - Statistiques

Statistiques générales
  • Ce quiz a été pris 146 fois
  • Le résultat moyen est 21 sur 40
Statistiques - réponses
Hint Explanation Réponse % Correct
Extrait du film "Les Tuche" Les Tuche
91%
Extrait du film d'animation "Minions" Les Minions
90%
Les Dalton dans extrait d'un dessin animé Les Dalton
88%
Extrait du film "Les 4 Fantastiques" Les 4 Fantastiques
85%
Les Anges de la Téléréalité 7 : Coralie et Jessica vous embrassent bien fort du Brésil ! Les Anges
85%
Extrait du film "Les Deux Papes" Les 2 Papes
81%
Extrait de l'émission TV Les Z'amours Les Z'amours
81%
Phrase extraite d'un sketch d'Inès Reg : "Les calculs sont pas bons Kevin ! C'est quand qu'tu vas m'mettre des paillettes dans ma vie" Les calculs sont pas bons Kevin !
78%
"Les 6 Heures de Spa-Francorchamps" est une course d'endurance annuelle réservée aux voitures de sport et voitures grand tourisme Les 6 Heures de Spa-Francorchamps
77%
Extrait du film "Les 3 Frères" Les 3 Frères
75%
Extrait du film d'animation de Walt Disney, Les Aristochats sorti en 1970 Les Aristochats
71%
Les Chevaliers du Fiel est un duo ici en spectacle Les Chevaliers du Fiel
70%
Extrait l'émission Les Nuls Les Nuls
65%
Extrait de l'émission TV Les grosses têtes (époque Philippe Bouvard) Les grosses têtes
63%
Extrait du film d'animation "Les Cinq Légendes" (Rise of the Guardians en vo) Les 5 Légendes
62%
Extrait du film "Les Seigneurs" Les Seigneurs
53%
Pierre Bachelet chante Les Corons Les Corons
52%
Les Vamps est un duo comique français ici en spectacle Les Vamps
49%
Les Charlots dans le film le Grand Bazar Les Charlots
48%
Extrait du film "Les évadés" Les Évadés
47%
Extrait du film "Les diamants sont éternels" Les diamants sont éternels
46%
Extrait de la série TV "Les Feux de l'amour" Les Feux de l'amour
46%
Extrait de la série TV "Les Mystères de l'amour" Les Mystères de l'amour
46%
Extrait du film "Les Affranchis" Les Affranchis
43%
Extrait de la série d'animation "Les Shadoks" Les Shadoks
43%
Extrait du film "Les Oiseaux" Les Oiseaux
40%
Extrait de la série TV "Les Soprano" Les Soprano
40%
Extrait du film "Les Fugitifs" Les Fugitifs
39%
Extrait du film "Les Infiltrés" Les Infiltrés
38%
Extrait du film "Les 7 Mercenaires" Les 7 Mercenaires
36%
Extrait de la série de sketch Les Deschiens (d'après leur spectacle) Les Deschiens
36%
Extrait du film "Les Griffes de la nuit" Les Griffes de la nuit
33%
Extrait du film "Les Incorruptibles" Les Incorruptibles
29%
Extrait du film "Les Huit Salopards" Les 8 Salopards
28%
Extrait de la série TV "Les mystères de l'Ouest" Les Mystères de l'Ouest
27%
Les Forbans dans un extrait du clip Version 90 Les Forbans
24%
Extrait du film "Les Misérables" de 2012 Les Misérables
24%
Les Innocents dans le clip de leur chanson Un homme extraordinaire Les Innocents
23%
Extrait du film "Les Morfalous" Les Morfalous
19%
Extrait du film "Les Joueurs" (Rounders en vo) Les Joueurs
15%
Aucun quiz correspondant
Distribution des résultats
% des personnes avec chaque résultat
Percentile par nombre de réponses
Votre historique - résultats
Vous n’avez pas pris ce quiz